| 000 | 02237nam0a2200385 4500 | ||
|---|---|---|---|
| 001 | RU\NLR\bibl\1337179 | ||
| 005 | 20260405183959.0 | ||
| 010 |
_a978-5-900791-25-8 _9500 |
||
| 021 |
_aRU _b2008-107274 _96323 |
||
| 035 | _a(nilc)RSL-KNO-004223356 | ||
| 035 | _a(NLR Aleph) 001322359 | ||
| 090 |
_a748024 _c748024 |
||
| 100 | _a20081229d2008 |||y0rusy50 ca | ||
| 101 | 0 | _arus | |
| 102 | _aRU | ||
| 105 | _aa ||||||||| | ||
| 200 | 1 |
_aДуговая сварка титана неплавящимся электродом в инертных газах _fС. С. Ушков, В. И. Михайлов, А. Н. Хатуецев [и др.] _gФедеральное гос. унитарное предприятие "Центральный науч.-исслед. ин-т конструкционных материалов "Прометей" |
|
| 210 |
_aСанкт-Петербург _cПр _d2008 |
||
| 215 |
_a59, [2] с. _cил., цв. ил. _d26 |
||
| 320 | _aБиблиогр.: с. 57-59 (57 назв.) | ||
| 606 | 1 |
_aТитан _xЭлектросварка газодуговая _92567740 _3RU\NLR\auth\661518569 |
|
| 610 | 0 | _aМашиностроение -- Технология машиностроения. Обработка металлов -- Сварка металлов -- Электрическая сварка металлов -- Электродуговая сварка металлов с применением инертных защитных сред -- Газоэлектрическая сварка -- Титан -- Пособие для специалистов | |
| 610 | 0 | _aнеплавящиеся электроды | |
| 686 |
_aК641.510.023.3,351.6,07 _2rubbk |
||
| 686 | _aК641.510.023 | ||
| 701 | 1 |
_aУшков _bС. С. _gСталь Сергеевич _4070 |
|
| 701 | 1 |
_4070 _8rus _7ca _aМихайлов _bВ. И. _cинженер-сварщик _gВладимир Иванович _3RU\NLR\auth\7780517 _963445 |
|
| 701 | 1 |
_aХатунцев _bА. Н. _gАнатолий Николаевич _4070 |
|
| 801 | 0 |
_aRU _bРКП _c20081229 _grcr |
|
| 801 | 1 |
_aRU _bРГБ _c20081229 |
|
| 801 | 2 |
_aRU _bNLR _c20090306 _grcr |
|
| 830 | _aавт. по кн. | ||
| 942 | _cBOOK | ||
| 980 | _aNB | ||